000 00822nam a2200265 i 4500
001 000014198
003 DO-SdBNP
005 20260127122751.0
007 ta
008 270126s1972 dr 000 0 spa d
020 _a9789945801101
040 _aDO-SdBNP
_bspa
_cBNPHU
_erda
041 _aspa
082 4 _axxx
_bC512c
_222
100 1 _aChávez Heredia, Juan Erasmo
_eautor
_988901
245 1 0 _aConsejos para un chofer o conductor :
_bayuda a salvar vidas /
_cJuan Erasmo Chávez Heredia ; ilustraciones de Juan Pablo Feliz
264 1 _aSanto Domingo :
_bOkyanus Media Group,
_c2024
300 _a48 páginas ;
_c15 cm.
336 _atexto
_btxt
_2rdacontent
337 _asin mediación
_bn
_2rdamedia
338 _avolumen
_bnc
_2rdacarrier
590 _aInventariado,2025/DG
910 _aDG
942 _2ddc
_cLF2
999 _c60136
_d60136